| 000 | 00919nam a2200205Ia 4500 | ||
|---|---|---|---|
| 999 |
_c44476 _d44476 |
||
| 001 | 11274 | ||
| 003 | GE_BSU | ||
| 005 | 20250501165246.0 | ||
| 008 | 181216s1977||||ge |||||||||||||| ||geo|| | ||
| 040 | _cGE_BSU | ||
| 041 | _ageo | ||
| 080 | _a631.417.2(479.22) ჩ-96 | ||
| 100 |
_aჩხეიძე, თინა _917783 |
||
| 245 |
_aსაქართველოს ნეშომპალა-კარბონატური ნიადაგები / _cთინა ჩხეიძე; რედ: ც. უნდილაშვილი. |
||
| 264 |
_aთბილისი: _bსაბჭოთა საქართველო, _c1977. |
||
| 300 |
_a184 გვ.: _bცხრ. _c20 სმ. |
||
| 653 | _a ნეშომპალა-კარბონატური ნიადაგები | ||
| 700 |
_aუნდილაშვილი, ც. _eრედაქტორი _924986 |
||
| 942 |
_cBK _2udc |
||